Indiana Jones - Filmreihe - Statistiken

Allgemein
  • Dieses Quiz wurde 18 mal gespielt
  • Das Durchschnittsergebnis liegt bei 3 aus 5
Antwortstatistiken
Erscheinungsjahr Filmtitel % Korrekt
1981 Jäger des verlorenen Schatzes
94%
1989 Indiana Jones und der letzte Kreuzzug
69%
1984 Indiana Jones und der Tempel des Todes
69%
2008 Indiana Jones und das Königreich des Kristallschädels
63%
2023 Indiana Jones und das Rad des Schicksals
38%
Keine übereinstimmenden Quizze gefunden
Verteilung der Resultate
Anzahl Personen mit jedem Resultat
Perzentil nach korrekt beantworteten Fragen
Ihre Resultats-Entwicklung
Sie haben dieses Quiz noch nicht gespielt